ბათუმის შოთა რუსთაველის სახელმწიფო უნივერსიტეტის ბიბლიოთეკა

მზის სისხლი : [ლექსები] / (ბიბ.ჩანაწერი № 57049)

000 -ლიდერი
ფიქსირებული სიგრძის საკონტროლო ველი 00995nam a22002177a 4500
003 - საკონტროლო ნომრის იდენტიფიკატორი
საკონტროლო ველი Ge_BSU
005 - ბოლო ოპერაციის თარიღი და დრო
საკონტროლო ველი 20191031161353.0
008 - ფიქსირებული სიგრძის მონაცემთა ელემენტები - ზოგადი ინფორმაცია
ფიქსირებული სიგრძის საკონტროლო ველი 191031s2018 ge ||||| |||| 00| 0 geo d
020 ## - წიგნის საერთაშორისო სტანდარტული ნომერი
International Standard Book Number 9789941806087
041 ## - ენის კოდი
Language code of text/sound track or separate title geo
080 ## - უნივერსალური ათობითი კლასიფიკაციის ინდექსი
Universal Decimal Classification number 821.353.1-1 დ-16
100 ## - მთავარი ჩანაწერი - პიროვნების სახელი
Personal name დაისელი, ვანლერ.
9 (RLIN) 5192
245 ## - ცნობა სათაურის შესახებ
Title მზის სისხლი : [ლექსები] /
Statement of responsibility, etc ვანლერ დაისელი ; შემდგ.- რედ : ლ. ჟვანია.
264 ## - წარმოების, გამოცემის, დისტრიბუციის და სხვა ცნობები
გამოცემის, წარმოების, დისტრიბუციის... ადგილი თბილისი,
გამოცემის, წარმოების, დისტრიბუციის... თარიღი 2018.
300 ## - ფიზიკური აღწერა
Extent 224 გვ. :
Other physical details ფოტ. ;
Dimensions 21 სმ.
501 ## - შენიშვნა თანმხლებ მასალაზე
With note გარეკანზე გამოყენებულია გიორგი ჩინჩალაძის ნახატი
653 ## - INDEX TERM--UNCONTROLLED
Uncontrolled term ქართული პოეზია
653 ## - INDEX TERM--UNCONTROLLED
Uncontrolled term ქართული პროზა
700 ## - ADDED ENTRY--PERSONAL NAME
Personal name ჟვანია, ლევან
Relator term შემდგენელ- რედაქტორი
9 (RLIN) 5193
942 ## - ADDED ENTRY ELEMENTS (KOHA)
Source of classification or shelving scheme
Koha item type წიგნი
ეგზემპლარები
ჩამოწერის სტატუსი დაკარგული ეგზემპლარის სტატუსი კლასიფიკაციის წყარო ან თაროზე გაწყობის სქემა დაზიანების სტატუსი არ გაიცემა მუდმივი მდებარეობა (დაცვის ადგილი) ამჟამინდელი ადგილსამყოფელი თაროზე განთავსების ადგილი შეძენის თარიღი ღირებულება, შესყიდვის ნორმალური ფასი სრული შენახვის შიფრი შტრიხკოდი ბოლო ოპერაციის თარიღი ეგზემპლარის მიმდევრობითი ნომერი (კეტერი?) ფასის ძალაში შესვლის თარიღი ეგზემპლარის სახეობა საჯარო შენიშვნა
          ბათუმის შოთა რუსთაველის სახელმწიფო უნივერსიტეტის მთავარი ბიბლიოთეკა ბათუმის შოთა რუსთაველის სახელმწიფო უნივერსიტეტის მთავარი ბიბლიოთეკა წიგნსაცავი 2019-10-31 10.00 821.353.1-1 დ-16 59057 2019-10-31 59057 2019-10-31 წიგნი 10.00
          ბათუმის შოთა რუსთაველის სახელმწიფო უნივერსიტეტის მთავარი ბიბლიოთეკა ბათუმის შოთა რუსთაველის სახელმწიფო უნივერსიტეტის მთავარი ბიბლიოთეკა წიგნსაცავი 2019-10-31 10.00 821.353.1-1 დ-16 59058 2019-10-31 59058 2019-10-31 წიგნი 10.00